Priestorové strešné konštrukcie. 2. diel Oceľ a plastické hmoty /

Uložené v:
Podrobná bibliografia
Hlavný autor: Ruehle, Herrmann (Author)
Médium: Kniha
Jazyk:Slovak
German
Vydané: Bratislava : Alfa, 1979.
Vydanie:1. vyd.
Edícia:Edícia stavebníckej literatúry
ISBN: (viaz.)
Fyzický popis: 215 s. : obr.
Tagy: Pridať tag
Žiadne tagy, Buďte prvý kto otaguje tento záznam!

MARC

LEADER 00000nam a22000001 4500
001 000146310
005 20251119104810.0
008 020720s1979 xo f 000 0 slo d
020 |a (viaz.)  |c Kčs 42,00 
040 |a SVKKK  |b slo  |c SVKKK  |e AACR2 
041 1 |a slo  |h ger 
044 |a xo  |c SK 
100 1 |a Ruehle, Herrmann  |4 aut 
245 0 0 |a Priestorové strešné konštrukcie.  |n 2. diel  |p Oceľ a plastické hmoty /  |c Herrmann Ruehle ... [et al.] ; z nem. orig. Räumliche Dachtragwerke, Konstruktion und Ausführung. prel. Alexander Tesár. 
246 3 0 |a Oceľ a plastické hmoty 
250 |a 1. vyd. 
260 |a Bratislava :  |b Alfa,  |c 1979. 
300 |a 215 s. :  |b obr. 
490 1 |a Edícia stavebníckej literatúry 
910 |a svkkk 
998 |a BK 
090 |g SCKHL  |k Sklad Pribinova 3. posch.  |a V.117609  |j 596069  |i 2720185578  |s Absenčne 
090 |g SCKHL  |k Sklad Pribinova 3. posch.  |a V.117610  |j 596070  |i 2720012643  |s Absenčne 
090 |g SCKHL  |k Sklad Pribinova 3. posch.  |a V.117611  |j 596071  |i 146310-30  |4 Multiplikát  |s Vyradená 
090 |g SCKHL  |k Sklad Pribinova 3. posch.  |a V.117612  |j 596072  |i 146310-40  |4 Multiplikát  |s Vyradená 
090 |g SCKHL  |k Sklad Pribinova 3. posch.  |a V.117613  |j 596073  |i 2720221253  |4 Multiplikát  |s Vyradená